Statistics for Reading: The Premier League Years

Click here to take the quiz!

General Stats

  • This quiz has been taken 16 times
  • The average score is 6 of 11

Answer Stats

Answer% Correct
Adam Le Fondre
77%
Steve Coppell
77%
Brian McDermott
69%
Leroy Lita
69%
Nigel Adkins
69%
Dave Kitson
62%
Stephen Hunt
54%
Graeme Murty
46%
James Harper
38%
Jobi McAnuff
38%
Ívar Ingimarsson
23%

Score Distribution

Percentile by Number Answered

Percent of People with Each Score

Your Score History

You have not taken this quiz